| 000 | 02052nam0a2200397 4500 | ||
|---|---|---|---|
| 001 | RU\NLR\bibl\1456424 | ||
| 005 | 20260405210302.0 | ||
| 021 |
_aRU _b2009-89773 _95654 |
||
| 035 | _a(nilc)RSL-KNO-004408211 | ||
| 035 | _a(NLR Aleph) 001448223 | ||
| 090 |
_a1506334 _c1506334 |
||
| 100 | _a20091105d2009 |||y0rusy50 ca | ||
| 101 | 0 |
_arus _deng |
|
| 102 | _aRU | ||
| 105 | _aa zzzz||||| | ||
| 200 | 1 |
_aРазработка и верификация сопряженной модели нейтронной кинетики с температурными обратными связями для оценки безопасности реакторов ВТГР и критических сборок с шаровыми _fЕ.С. Глушков, А.Е. Глушков, А.А. Седов [и др.] |
|
| 210 |
_aМосква _cКурчатовский ин-т _d2009 |
||
| 215 |
_a48 с. _cил., табл. _d22 |
||
| 225 | 1 |
_aПрепринт _fРос. науч. центр "Курчатовский институт" _vИАЭ 6581/4 |
|
| 300 | _aРез. на англ. яз. | ||
| 320 | _aБиблиогр.: с. 48 (21 назв.) | ||
| 606 | 1 |
_aВТГР, ядерные реакторы _xАварии _xМоделирование _92119968 _3RU\NLR\auth\661583898 |
|
| 606 | 1 |
_aВТГР, ядерные реакторы _xТопливные элементы шаровые _xИсследование _92119024 _3RU\NLR\auth\661583387 |
|
| 606 | 1 |
_aАСТРА, стенд для моделирования ядерных реакторов _92444528 _3RU\NLR\auth\661453984 |
|
| 686 |
_aЗ464.6-01с314,0 _2rubbk |
||
| 686 | _aЗ464.6-042.2-016 | ||
| 686 | _aЗ464.6-082.03 | ||
| 701 | 1 |
_4070 _8rus _7ca _aГлушков _bЕ. С. _gЕвгений Серафимович _3RU\NLR\auth\7793462 _976388 |
|
| 701 | 1 |
_aГлушков _bА. Е. _4070 |
|
| 701 | 1 |
_aСедов _bА. А. _4070 |
|
| 801 | 0 |
_aRU _bРГБ _c20091105 _grcr |
|
| 801 | 1 |
_aRU _bРГБ _c20091105 |
|
| 801 | 2 |
_aRU _bNLR _c20091223 _grcr |
|
| 942 | _cBOOK | ||
| 980 | _aNB | ||